<?xml version="1.0" encoding="UTF-8"?>
<record
    xmlns:xsi="http://www.w3.org/2001/XMLSchema-instance"
    xsi:schemaLocation="http://www.loc.gov/MARC21/slim http://www.loc.gov/standards/marcxml/schema/MARC21slim.xsd"
    xmlns="http://www.loc.gov/MARC21/slim">

  <leader>01325nam a2200169Ia 4500</leader>
  <controlfield tag="005">20250728154344.0</controlfield>
  <controlfield tag="008">250728s9999    xx            000 0 und d</controlfield>
  <datafield tag="020" ind1=" " ind2=" ">
    <subfield code="a">9781847243423</subfield>
  </datafield>
  <datafield tag="082" ind1=" " ind2=" ">
    <subfield code="a">951.14032</subfield>
    <subfield code="b">SPE</subfield>
  </datafield>
  <datafield tag="100" ind1=" " ind2=" ">
    <subfield code="a">Spence, Jonathan D.</subfield>
  </datafield>
  <datafield tag="245" ind1=" " ind2="4">
    <subfield code="a">The Death of Woman Wang</subfield>
  </datafield>
  <datafield tag="260" ind1=" " ind2=" ">
    <subfield code="b">Quercus Books</subfield>
    <subfield code="c">2008</subfield>
  </datafield>
  <datafield tag="300" ind1=" " ind2=" ">
    <subfield code="a">169 pages</subfield>
  </datafield>
  <datafield tag="500" ind1=" " ind2=" ">
    <subfield code="a">In The Death of Woman Wang the award-winning historian Jonathan Spence paints a vivid picture of an obscure time and place: provincial China in the late 17th century. Drawing on a range of sources, including local Chinese histories, the memoirs of scholars and other contemporary writings, Spence reconstructs an extraordinary tale of rural tragedy in a remote corner of the northeastern Chinese province of Shantung. Life in the county of T'an-ch'eng emerges as an endless cycle of floods, plagues, crop failures, banditry and heavy taxation. Against this turbulent background a tenacious tax collector, an irascible farmer, and an unhappy wife act out a poignant drama at whose climax the wife, having run away from her husband, returns to him, only to die at his hands. The Death of Woman Wang not only magnificently evokes the China of the late Ming period, but also deepens our understanding of the China we know today.</subfield>
  </datafield>
  <datafield tag="650" ind1=" " ind2=" ">
    <subfield code="a">China</subfield>
  </datafield>
  <datafield tag="942" ind1=" " ind2=" ">
    <subfield code="c">ENGLISH</subfield>
  </datafield>
  <datafield tag="999" ind1=" " ind2=" ">
    <subfield code="c">577815</subfield>
    <subfield code="d">577815</subfield>
  </datafield>
  <datafield tag="952" ind1=" " ind2=" ">
    <subfield code="0">0</subfield>
    <subfield code="1">0</subfield>
    <subfield code="4">0</subfield>
    <subfield code="7">0</subfield>
    <subfield code="a">ACL</subfield>
    <subfield code="b">ACL</subfield>
    <subfield code="c">7B</subfield>
    <subfield code="d">2025-07-28</subfield>
    <subfield code="l">0</subfield>
    <subfield code="o">951.14032 SPE</subfield>
    <subfield code="p">415166</subfield>
    <subfield code="r">2025-07-28 15:43:44</subfield>
    <subfield code="w">2025-07-28</subfield>
    <subfield code="y">ENGLISH</subfield>
  </datafield>
</record>
